000 01635cam a2200493 a 4500
001 sjds1093044
003 sjds
005 20180524173659.0
008 060614t20052005nyua j 000 1 spa
010 _a 2006277740
020 _a0439783704 (pbk.)
020 _a9780439783705 (pbk.)
_c$3.99
035 _a315512
035 _a(OCoLC)61835416
035 _a315512
040 _aDLC
_cDLC
_dDAJ
_dBAKER
_dNPL
_dUtOrBLW
041 0 _aeng
_aspa
049 _aIFAA
099 _f2005
999 _c20780
_d20780
999 _bESPANOL PICTURE BOOKS MUNOZ 2005
100 1 _aMuñoz, Isabel,
_eauthor.
245 1 0 _aEs mío =
_bIt's mine /
_c[by Isabel Muñoz ; illustrations, Gustavo Mazali].
246 3 1 _aIt's mine
246 3 _aIt is mine
260 _aNew York :
_bScholastic Inc.,
_cc2005
264 1 _aNew York :
_bScholastic Inc.,
_c[2005]
264 4 _cc2005
300 _a1 volume (unpaged) :
_bcolor illustrations ;
_c21 cm.
336 _atext
_btxt
_2rdacontent
337 _aunmediated
_bn
_2rdamedia
338 _avolume
_bnc
_2rdacarrier
490 1 _aEric & Julieta
520 _aEric and Julieta get into lots of trouble while drawing with crayons.
521 8 _aAD 130
_bLexile
526 0 _aAccelerated Reader
_bLG
_c1.1
_d0.5
_z106970
546 _aIn English and in Spanish.
650 0 _aBrothers and sisters
_vJuvenile fiction.
650 0 _aSpanish language materials
_xBilingual
_vJuvenile literature.
650 7 _aHermanos
_vNovela juvenil.
_2bidex
650 7 _aMateriales bilingües en español
_vLiteratura juvenil.
_2bidex
700 1 _aMazali, Gustavo,
_eillustrator.
830 0 _aEric & Julieta.
942 _cBK